📖🕯 150 premiers mots "La Barbe bleue" Perrault - Statistiques

Statistiques générales
  • Ce quiz a Ă©tĂ© pris 64 fois
  • Le rĂ©sultat moyen est 111 sur 150
Statistiques - réponses
Mots % Correct
Ă 
100%
avait
100%
c'
100%
d'
100%
de
100%
et
100%
était
100%
fois
100%
Il
100%
il
100%
l'
100%
la
100%
s'
100%
un
100%
une
100%
Une
100%
Ce
98%
ce
98%
homme
98%
le
98%
qu'
98%
qui
98%
des
96%
femme
96%
n'
96%
que
96%
Barbe
94%
barbe
94%
en
94%
bleue :
92%
bleue.
92%
ces
92%
les
92%
mais
92%
se
92%
cet
90%
ne
88%
elle
86%
on
86%
est
84%
ses
84%
femmes,
82%
femmes
82%
si
82%
épousé
78%
ni
78%
par
78%
autre,
76%
tout
76%
étaient ...
71%
fille
71%
lui.
71%
lui
71%
or
69%
savait
69%
Elles
67%
argent,
63%
déjà
61%
filles
61%
plusieurs
59%
toutes
59%
belles
55%
belles.
55%
eût
53%
deux
51%
deux,
51%
Mariage,
49%
demanda
45%
Ville
39%
Campagne,
37%
celle
37%
laid
37%
malheur
37%
maisons
31%
rendait
29%
cela
27%
point
27%
vaisselle
24%
voulaient
24%
Voisines,
22%
encore,
20%
terrible,
16%
choix
14%
devant
14%
pouvant
14%
laissa
12%
Dame
10%
donner.
10%
résoudre
10%
meubles
8%
prendre
8%
voudrait
8%
broderie,
6%
enfuît
6%
carrosses
4%
dorés ;
4%
parfaitement
4%
qualité,
4%
renvoyaient
2%
dégoûtait
0%
Aucun quiz correspondant
Distribution des résultats
% des personnes avec chaque résultat
Percentile par nombre de réponses
Votre historique - résultats
Vous n’avez pas pris ce quiz